Normal view MARC view

Entry Personal Name

Number of records used in: 1

001 - CONTROL NUMBER

  • control field: 306406

003 - CONTROL NUMBER IDENTIFIER

  • control field: DLC

005 - DATE AND TIME OF LATEST TRANSACTION

  • control field: 20231011160109.0

008 - FIXED-LENGTH DATA ELEMENTS

  • fixed length control field: 860801n| azannabbn |n aaa

010 ## - LIBRARY OF CONGRESS CONTROL NUMBER

  • LC control number: n 86112130

035 ## - SYSTEM CONTROL NUMBER

  • System control number: (OCoLC)oca01670540

040 ## - CATALOGING SOURCE

  • Original cataloging agency: DLC
  • Language of cataloging: eng
  • Transcribing agency: DLC
  • Modifying agency: OCoLC
  • Modifying agency: MY-SjTCS
  • Description conventions: rda

100 1# - HEADING--PERSONAL NAME

  • Personal name: Ahlsén, Elisabeth

374 ## - OCCUPATION

  • Occupation: College teachers
  • Source of term: lcsh

375 ## - GENDER

  • Gender: female

377 ## - ASSOCIATED LANGUAGE

  • Language code: eng

670 ## - SOURCE DATA FOUND

  • Source citation: Her Discourse patterns in aphasia, 1985:
  • Information found: t.p. (Elisabeth Ahlsén)